Statistics for 460 Marvel Characters!

Click here to take the quiz!

General Stats

  • This quiz has been taken 241 times
  • The average score is 145 of 460

Answer Stats

MARVEL Character% Correct
Iron Man
99%
Captain America
95%
Hulk / Amadeus Cho
95%
Hulk / Bruce Banner
95%
Hawkeye / Ronin / Goliath
93%
Spider-Man / Peter Parker / Iron Spider
92%
Thor / Jane Foster
92%
Hawkeye / Kate Bishop
90%
Thor / Odinson
90%
Ant-Man / Giant Man / Hank Pym / Yellowjacket / Wasp / Goliath
89%
Black Widow / Natasha Romanoff
89%
Black Widow / Yelena Belowa / Dark Widow
89%
Loki
87%
Winter Soldier
87%
Gamora
86%
Groot
86%
Rocket Raccoon
86%
Wasp / Janet van Dyne
86%
Wasp / Nadia van Dyne
86%
Wolverine
86%
Ant-Man / Scott Lang
85%
Black Panther
85%
Captain Marvel / Carol Danvers
85%
Drax
85%
Star-Lord
85%
Captain Marvel / Mar-Vell
84%
Doctor Strange
84%
Falcon
84%
Thanos
84%
War Machine
84%
Daredevil
82%
Deadpool
82%
Green Goblin / Norman Osborn / Iron Patriot
82%
Human Torch
82%
Venom / Eddie Brock
82%
Mr Fantastic
80%
Odin
80%
Professor X
80%
Nick Fury
79%
Thing
79%
Vision
79%
Magneto
78%
Beast
77%
Cyclops
77%
Jean Grey / Phoenix
77%
Doctor Doom
76%
Electro
76%
Invisible Woman
76%
She-Hulk
76%
Sin / Skadi
76%
Doctor Octopus / Superior Spider-Man
75%
Red Skull
75%
Karn
73%
Luke Cage / Power Man
73%
Spider-Gwen / Gwen Stacy
73%
Storm
73%
Iceman
72%
Ghost
71%
Nebula
71%
Red Hulk / Thunderbolt Ross
71%
Sandman
71%
Ultron
71%
Vulture
71%
Carnage
70%
Elektra
70%
Mantis
70%
Abomination
69%
Iron Fist
69%
Mystique
69%
Punisher
68%
Blade
67%
Colossus
67%
Mysterio
67%
Silver Surfer
67%
Angel / Archangel
66%
Hela
66%
Kang / Iron Lad
66%
Ms Marvel / Kamala Khan
66%
Shuri
66%
Jessica Jones
65%
Mary Jane Watson / MJ
65%
Moon Knight
64%
Nightcrawler
64%
Rogue
64%
Galactus
63%
Ghost Rider
63%
Kingpin
63%
Lizard
63%
Gambit
61%
Namor / Sub-mainer
61%
Spider Woman
61%
Valkyrie
61%
Captain Britain
60%
Juggernaut
60%
Nova
60%
Black Bolt
59%
Ego
59%
Maria Hill
59%
Rhino
59%
Yellowjacket
59%
Apocalypse
58%
Hobgoblin / Ned Leeds
58%
Heimdall
57%
Killmonger
57%
Whiplash
57%
Yondu
57%
Adam Warlock
56%
Aunt May
56%
Baron Zemo
56%
Cable
56%
Dormammu
56%
Mandarin
56%
Sabretooth
56%
Wong
56%
X-23
56%
Emma Frost / White Queen
53%
Kitty Pryde / Shadowcat
53%
Havok
52%
MODOK
52%
Black Cat
51%
Bullseye / Dark Hawkeye
51%
Peggy Carter
51%
Pyro
51%
Sif
51%
Agent Venom / Agent Anti-Venom / Flash Thompson
50%
Okoye
50%
Red She-Hulk / Betty Ross
50%
Ancient One
49%
Black Knight
49%
Psylocke
48%
Bishop
47%
Grandmaster
47%
Jubilee
47%
Mephisto
47%
Agent 13 / Sharon Carter
46%
Banshee
46%
Domino / Neena the Luck Dragon
46%
Frigga
46%
Hercules
46%
Malekith
46%
Morbius
46%
Rescue
46%
Scorpion
45%
Ultimate Spider-Man / Miles Morales
44%
Uncle Ben
44%
Blob
43%
Howard the Duck
43%
Man Ape / M'baku
43%
Hulkling
42%
Medusa
42%
Crossbones
41%
Shocker
41%
Toad
41%
Collector
40%
Ebony Maw
40%
Happy Hogan
40%
Ironheart
40%
Taskmaster
40%
Wiccan
40%
Arnim Zola
39%
Cloak
39%
Dagger
39%
Baron Mordo
37%
Klaw / Ulysses Klaue
37%
Korg
37%
Kraven the Hunter
37%
Magik
37%
Proxima Midnight
37%
Red Guardian
37%
Ares
36%
Fandral
36%
Harry Osborn
36%
Lockjaw
36%
Polaris
36%
Wonder Man
36%
Crystal
35%
Ikaris
35%
Laufey
35%
Sersi
35%
Squirrel Girl
35%
White Tiger
35%
A-Bomb / Rick Jones
34%
America Chavez / Miss America
34%
Cannonball
34%
Enchantress
34%
Mockingbird
34%
Speed
34%
Tigra
34%
Blink
33%
Spider-Ham / Peter Porker
32%
Clea
31%
Executioner / Skurge
31%
Goliath / Bill Foster
31%
J. Jonah Jameson
31%
Lady Death
31%
Quake
31%
Viper / Lady HYDRA
31%
Hellcat
30%
Hogun
30%
Man-Thing
30%
Surtur
30%
US Agent
30%
Beta Ray Bill
29%
Corvus Glaive
29%
Thena
29%
Hydro-Man
28%
Leader
28%
Sentry
28%
Sunspot
28%
Gorgon
27%
Kaecilius
27%
Mr Sinister
27%
Ajak
26%
Firestar
26%
Spider-Girl / Mayday Parker
26%
Anti-Venom
25%
Blue Marvel
25%
The Watcher / Uatu
25%
Absorbing Man
24%
Druig
24%
Echo
24%
Hyperion
24%
Karnak
24%
Lady Deathstrike
24%
Makkari
24%
Spider-Man 2099 / Miguel O'Hara
24%
Stature
24%
Azazel
23%
Crimson Dynamo
23%
Miek
23%
Scarlet Spider
23%
Starfox
23%
Dracula
22%
Maximus
22%
Phastos
22%
Betty Brant
21%
Chameleon
21%
Hammer
21%
Justin Hammer
21%
Moondragon
21%
Prowler
21%
Quasar
21%
Ramonda
21%
Skaar
21%
Tinkerer
21%
Alexander Pierce
20%
Foggy Nelson
20%
Hammerhead
20%
Kurse
20%
Silver Samurai
20%
Triton
20%
Batroc
19%
Destroyer
19%
Fin Fang Foom
19%
Moonstone / Dark Ms Marvel
19%
Patriot
19%
Sebastian Shaw
19%
Tombstone
19%
Dum Dum Dugan
18%
Attuma
17%
Beyonder / Kosmos
17%
Colleen Wing
17%
Darwin
17%
Misty Knight
17%
Nightmare
17%
Baron von Strucker
16%
Beetle
16%
Deathlok
16%
Ka-Zar
16%
Living Tribunal
16%
Swordsman
16%
Thunderball
16%
3D-Man
15%
Angela
15%
Annihilus
15%
Avalanche
15%
Black Dwarf
15%
Blackheart
15%
Bulldozer
15%
Daken
15%
Moira MacTaggert
15%
Titania
15%
Wrecker
15%
Franklin Richards
14%
JOCASTA
14%
Nico Minoru / Sister Grimm
14%
Piledriver
14%
Shatterstar
14%
Songbird
14%
Stingray
14%
Toxin
14%
Christine Palmer
13%
Eternity
13%
Molly Hayes
13%
Moon Girl
13%
Scream
13%
Silk
13%
Union Jack
13%
William Stryker
13%
Blizzard
12%
Mastermind
12%
Onslaught
12%
Chase Stein
11%
Egghead
11%
Korath
11%
Madame Masque
11%
Mojo
11%
Molten Man
11%
Northstar
11%
Rachel Summers
11%
The One Above All
11%
Darkhawk
10%
Doctor Voodoo
10%
Elsa Bloodstone
10%
High Evolutionary
10%
Sauron
10%
Thunderstrike
10%
Wizard
10%
Gertrude Yorkes
9%
Ghaur
9%
Grim Reaper
9%
Karen Page
9%
Karolina Dean / Lucy in the Sky
9%
Molecule Man
9%
Radioactive Man
9%
Shanna
9%
Big Bertha
8%
Boomerang
8%
Fantomex
8%
Firebird
8%
Flatman
8%
Gorilla Man
8%
Grey Gargoyle
8%
Immortus
8%
Jasper Sitwell
8%
Kid Omega
8%
Maestro
8%
Maverick / Agent Zero
8%
Selene
8%
Spitfire
8%
Supreme Intelligence
8%
Throg
8%
Titanium Man
8%
Two-Gun Kid
8%
Zzzax
8%
HERBIE
7%
Living Laser
7%
Richard Rider
7%
Supergiant
7%
Caliban
6%
Daimon Hellstrom
6%
Darkstar
6%
Eitri
6%
Nitro / Penance
6%
Ravonna
6%
Thane
6%
Veranke
6%
Ymir
6%
Bastion
5%
Crossfire
5%
Fenrir
5%
Fixer
5%
Forgotten One
5%
Graviton
5%
Hood
5%
Killgrave
5%
Korvac
5%
Master Mold
5%
Minn-Erva
5%
Morlun
5%
Mr Immortal
5%
Red Queen / Hope Pym
5%
Satana
5%
Stryfe
5%
Thundra
5%
Ulik
5%
Vapor
5%
X-Ray
5%
Count Nefaria
4%
Doorman
4%
Morgan Le Fay
4%
Old Lace
4%
Phyla-Vell
4%
Ragnarok
4%
Silver Fox
4%
Super-Adaptoid
4%
Anti-Man
3%
Bob
3%
Ironclad
3%
Manifold
3%
Singularity
3%
Slapstick
3%
Valeria Richards
3%
Victoria Hand
3%
Victor Mancha / Victorious
3%
Warwolf
3%
Bowman
2%
Cammi
2%
Cloud 9
2%
Copycat
2%
Crimson Cowl
2%
Kid Kaiju
2%
Koi Boi
2%
Kronos
2%
Lionheart
2%
Living Mummy
2%
Luna
2%
Major Victory
2%
MODAM
2%
Omega Sentinel
2%
Spyke
2%
Steel Serpent
2%
Stranger
2%
Sugar Man
2%
Trauma
2%
Ursa Major
2%
Zuras
2%
Brother Tode
1%
Charlie-29
1%
Chipmunk Hunk
1%
Cul Borson / Serpent
1%
Dinah Soar
1%
Eson the Searcher
1%
Gardener
1%
Giganto
1%
Gorgilla
1%
Hive
1%
Hybrid
1%
HYDRA Supreme
1%
Living Monolith / Living Pharaoh
1%
Magus
1%
Militiant
1%
Red Wolf
1%
Sunbird
1%
Superia
1%
Terminatrix
1%
Ultragirl
1%
Volkstagg
1%
Blackwulf
0%
Death Locket
0%
Deborah Ritter
0%
Dell Rusk
0%
Delta Network
0%
Donald Ritter
0%
Dragoness
0%
Ereshkigal
0%
Faiza Hussein
0%
Izzy Cohen
0%
Jack O'Lantren
0%
Karkas
0%
Kingo Sunen
0%
Kto
0%
Lockhead
0%
Maelstorm
0%
Mentor
0%
Pagan
0%
Phobos
0%
Tactical Force
0%

Score Distribution

Percentile by Number Answered

Percent of People with Each Score

Your Score History

You have not taken this quiz